[Event "46th Sparkassen Open"]
[Site "Dortmund GER"]
[Date "2018.07.18"]
[Round "5.19"]
[White "Pahl, Theis"]
[Black "Windfuhr, Thomas"]
[Result "1/2-1/2"]
[WhiteElo "1959"]
[BlackElo "2231"]
[WhiteFideId "16201264"]
[BlackFideId "4658477"]
[EventDate "2018.07.14"]

1. e4 e6 2. d4 d5 3. exd5 exd5 4. Nf3 Bd6 5. c4 Qe7+ 6. Be3 Nf6 7. Nc3 Bb4 8.
Be2 Bxc3+ 9. bxc3 O-O 10. O-O Ne4 11. Qb3 c6 12. Rab1 Nd7 13. Rfc1 dxc4 14. Bxc4
b5 15. Bd3 Ndf6 16. Ne5 Qb7 17. Qc2 Nd6 18. Bg5 h6 19. Bxf6 gxf6 20. Nf3 Be6 21.
c4 Qd7 22. Qd2 bxc4 23. Bc2 Kg7 24. Qf4 Rh8 25. a4 Rad8 26. Rb4 Qe7 27. Rcb1 Bd5
28. Re1 Qc7 29. Reb1 Qa5 30. Qg3+ Kf8 31. Qf4 Ne8 32. Nh4 Be6 33. Nf5 Bxf5 34.
Bxf5 Qd5 35. Qe4 Nd6 36. Qxd5 cxd5 37. Bc2 Kg7 38. a5 Rhe8 39. Rd1 Rb8 40. Rxb8
Rxb8 41. Ba4 c3 42. Kf1 Rb4 43. Bc2 Nc4 44. Rd3 Nxa5 45. Rxc3 Nc4 46. Ke2 a5 47.
Bd3 a4 48. Bxc4 Rxc4 49. Kd3 Rb4 50. Ra3 Kg6 51. Rc3 Kf5 52. Rc5 Rb3+ 53. Kc2
Ke4 54. Rc6 Kxd4 55. Rxf6 Kc5 56. Rxh6 Rb7 57. Ra6 Kb4 58. Kb2 d4 59. h4 d3 60.
h5 Rb5 61. h6 d2 62. Kc2 Rd5 63. Kd1 a3 64. h7 Rh5 65. Kxd2 Rxh7 66. Rb6+ Ka4
67. Kc3 f5 68. Ra6+ Kb5 69. Rxa3 Rh2 70. Kd4 Rxg2 71. Ra2 Rg8 72. Rc2 f4 73. Ke4
Rf8 74. f3 Kb6 75. Ke5 Kb5 76. Rc1 Kb6 77. Rc4 Kb5 78. Rxf4 Re8+ 79. Kf5 Kc5 80.
Re4 Rf8+ 81. Kg4 Rg8+ 82. Kf4 Rf8+ 83. Kg4 Rg8+ 84. Kf4 1/2-1/2

[Event "46th Sparkassen Open"]
[Site "Dortmund GER"]
[Date "2018.07.18"]
[Round "5.20"]
[White "Oparaugo, Thomas"]
[Black "Elier, Ali"]
[Result "1-0"]
[WhiteTitle "IM"]
[WhiteElo "2064"]
[BlackElo "1888"]
[WhiteFideId "8500207"]
[BlackFideId "16217543"]
[EventDate "2018.07.14"]

1. e4 e5 2. Nf3 Nc6 3. Bc4 Nf6 4. Ng5 Bc5 5. Nxf7 Bxf2+ 6. Kf1 Qe7 7. Nxh8 d5 8.
exd5 Nd4 9. d6 cxd6 10. Kxf2 Ne4+ 11. Kg1 Qh4 12. Qf1 Bg4 13. Nc3 Nf3+ 14. gxf3
Bh3 15. Nxe4 Bxf1 16. Kxf1 Kd7 17. Nf7 g5 18. h3 h5 19. d3 1-0

[Event "46th Sparkassen Open"]
[Site "Dortmund GER"]
[Date "2018.07.18"]
[Round "5.21"]
[White "Spickermann, Sven"]
[Black "Groneberg, Joerg"]
[Result "1-0"]
[WhiteElo "2007"]
[BlackElo "2034"]
[WhiteFideId "16248767"]
[BlackFideId "12941638"]
[EventDate "2018.07.14"]

1. e4 c5 2. Nf3 g6 3. d4 cxd4 4. Nxd4 Bg7 5. c4 Nc6 6. Be3 Nf6 7. Nc3 Ng4 8.
Qxg4 Nxd4 9. Qd1 Ne6 10. Be2 d6 11. O-O Bd7 12. Nd5 b6 13. Qd2 O-O 14. Rab1 Bc6
15. b4 Nc7 16. Rfc1 Rc8 17. Bf3 Nxd5 18. exd5 Bd7 19. c5 Bf5 20. Rb3 bxc5 21.
bxc5 dxc5 22. Rxc5 Rxc5 23. Bxc5 Qc7 24. Be3 Rb8 25. Rxb8+ Qxb8 26. g4 Qb1+ 27.
Qd1 Qxd1+ 28. Bxd1 Bb1 29. Bb3 a5 30. Bc5 Be5 31. Bxe7 Bd3 32. Ba4 f5 33. Be8
Bc4 34. d6 Bxd6 35. Bxd6 Bxa2 36. gxf5 gxf5 37. Bc7 Bf7 38. Ba4 Kg7 39. Kg2 Kf6
40. f4 Bd5+ 41. Kg3 Bc4 42. Bxa5 Be2 43. Bc3+ Kf7 44. Kh4 h6 45. Kg3 Kg6 46.
Be8+ Kh7 47. Kf2 Bd1 48. Ke1 Bg4 49. Kd2 Kg8 50. Bg6 Kf8 51. Bf6 1-0

[Event "46th Sparkassen Open"]
[Site "Dortmund GER"]
[Date "2018.07.18"]
[Round "5.22"]
[White "Wilde, Justin"]
[Black "Conrad, Joachim"]
[Result "0-1"]
[WhiteElo "1930"]
[BlackElo "2078"]
[WhiteFideId "16236033"]
[BlackFideId "24623083"]
[EventDate "2018.07.14"]

1. d4 d6 2. Nf3 Nd7 3. c4 e5 4. Nc3 Ngf6 5. e4 Be7 6. Be2 c6 7. O-O O-O 8. Qc2
a6 9. Rb1 Re8 10. h3 b5 11. b4 Bf8 12. Be3 Bb7 13. a4 exd4 14. Nxd4 c5 15. Nf5
Nxe4 16. Bd3 Nxc3 17. Qxc3 Ne5 18. bxc5 Nxd3 19. Qxd3 Be4 20. Qd2 Bxf5 0-1

[Event "46th Sparkassen Open"]
[Site "Dortmund GER"]
[Date "2018.07.18"]
[Round "5.23"]
[White "Homfeldt, Christopher"]
[Black "Ball, Joerg"]
[Result "1/2-1/2"]
[WhiteElo "1818"]
[BlackElo "1973"]
[WhiteFideId "16220293"]
[BlackFideId "4685172"]
[EventDate "2018.07.14"]

1. e4 g6 2. d4 Bg7 3. Bf4 d5 4. e5 Nh6 5. Nf3 O-O 6. Be2 f6 7. O-O Nf7 8. c4 c6
9. Nc3 Na6 10. Be3 fxe5 11. dxe5 e6 12. a3 Bd7 13. cxd5 cxd5 14. Bxa6 bxa6 15.
Bc5 Re8 16. Nd4 Bf8 17. Bxf8 Rxf8 18. b4 Rc8 19. Na4 Bxa4 20. Qxa4 Qb6 21. Rad1
Rc4 22. Qa5 1/2-1/2

[Event "46th Sparkassen Open"]
[Site "Dortmund GER"]
[Date "2018.07.18"]
[Round "5.24"]
[White "Oezen, Alf"]
[Black "Fuhlrott, Tim"]
[Result "0-1"]
[WhiteElo "1911"]
[BlackElo "1958"]
[WhiteFideId "12985430"]
[BlackFideId "16222431"]
[EventDate "2018.07.14"]

1. d4 f5 2. Nf3 Nf6 3. c4 d6 4. g3 g6 5. Bg2 Bg7 6. O-O O-O 7. Nc3 Qe8 8. d5 Na6
9. Nd4 Bd7 10. b4 Nxb4 11. Rb1 c5 12. Ne6 Bxe6 13. dxe6 Rb8 14. a3 Nc6 15. e4
fxe4 16. Nxe4 Nxe4 17. Bxe4 Qc8 18. h4 Ne5 19. Bd5 Kh8 20. Bg5 Qc7 21. h5 Rf5
22. f4 b5 23. g4 Rxg5 24. fxg5 Nxc4 25. h6 Bd4+ 26. Kh1 Ne3 27. Qf3 Nxf1 28.
Rxf1 Rg8 29. Qd3 a6 30. Rf7 Be5 31. Qf3 Qd8 32. Be4 a5 33. Bc6 b4 34. axb4 cxb4
35. Ba4 d5 36. Bd7 Qc7 37. Rf8 Qc1+ 38. Kg2 Qc2+ 39. Kf1 Qb1+ 40. Kg2 Qe4 41.
Ba4 Rxf8 0-1

[Event "46th Sparkassen Open"]
[Site "Dortmund GER"]
[Date "2018.07.18"]
[Round "5.25"]
[White "Boecker, Juergen"]
[Black "Alghawi, Abdullah"]
[Result "1/2-1/2"]
[WhiteElo "1877"]
[BlackElo "1916"]
[WhiteFideId "12915904"]
[BlackFideId "16259254"]
[EventDate "2018.07.14"]

1. e4 c5 2. Nc3 a6 3. g3 e6 4. Bg2 Nc6 5. d3 Nf6 6. Nf3 Be7 7. O-O O-O 8. Re1 d5
9. exd5 exd5 10. d4 c4 11. Bg5 Be6 12. Bxf6 Bxf6 13. Ne2 Bg5 14. Nxg5 Qxg5 15.
Nf4 Rad8 16. c3 Bg4 17. Qd2 Rd6 18. Re3 Rfd8 19. Rae1 h5 20. h3 Bc8 21. Nxd5
Rxd5 22. Re8+ Kh7 23. Qxg5 Rxg5 24. Bxc6 Rd6 25. Be4+ f5 26. Rxc8 fxe4 27. Rxc4
Rb6 28. Rxe4 Rxb2 29. Rb4 Rxa2 30. Rxb7 Rc2 31. Ra7 Rf5 32. Rf4 Rxf4 33. gxf4
Rxc3 34. Rxa6 Rxh3 35. Kg2 Rd3 36. Rd6 Kg8 37. Rd7 Kf8 38. f5 Ke8 39. Rxg7 Rxd4
40. Rh7 h4 41. Kh3 Rf4 42. Rxh4 Rxf2 43. Kg4 Kf7 44. Rh6 Rf1 1/2-1/2

[Event "46th Sparkassen Open"]
[Site "Dortmund GER"]
[Date "2018.07.18"]
[Round "5.26"]
[White "Seref, Serkan"]
[Black "Buechle, Manfred"]
[Result "0-1"]
[WhiteElo "1871"]
[BlackElo "2037"]
[WhiteFideId "16205561"]
[BlackFideId "4659368"]
[EventDate "2018.07.14"]

1. e4 c5 2. Nf3 Nc6 3. c3 d5 4. exd5 Qxd5 5. d4 cxd4 6. cxd4 e5 7. dxe5 Qxd1+ 8.
Kxd1 Bg4 9. Bf4 O-O-O+ 10. Kc1 Bc5 11. Bc4 Bxf3 12. gxf3 Rd4 13. Bxf7 Rxf4 14.
e6 Nf6 15. Nd2 Bxf2 16. Kc2 Rd8 17. Rad1 Nd5 18. Nf1 Ndb4+ 0-1

[Event "46th Sparkassen Open"]
[Site "Dortmund GER"]
[Date "2018.07.19"]
[Round "6.1"]
[White "Kashlinskaya, Alina"]
[Black "Nalbandian, Tigran"]
[Result "0-1"]
[WhiteTitle "IM"]
[BlackTitle "GM"]
[WhiteElo "2435"]
[BlackElo "2452"]
[WhiteFideId "4198026"]
[BlackFideId "13300245"]
[EventDate "2018.07.14"]

1. e4 Nf6 2. e5 Nd5 3. d4 d6 4. c4 Nb6 5. exd6 exd6 6. Nc3 Be7 7. h3 Bf5 8. Nf3
Nc6 9. Be3 Bf6 10. g4 Bg6 11. h4 h6 12. Bd3 Qd7 13. Rg1 O-O-O 14. g5 hxg5 15.
hxg5 Be7 16. Bxg6 fxg6 17. d5 Ne5 18. Nxe5 dxe5 19. Qb3 Rh4 20. Nb5 Rxc4 21. d6
Bxd6 22. Nxd6+ Qxd6 23. Rd1 Qxd1+ 24. Qxd1 Rxd1+ 25. Kxd1 Nd5 26. Bd2 Rh4 27.
Re1 e4 28. Ke2 Kd7 29. Rc1 b6 30. b4 e3 31. fxe3 Nxb4 32. Bc3 Nxa2 33. Rd1+ Ke6
34. Bxg7 Nb4 35. Rd8 Nd5 36. Bh6 Rh2+ 37. Kf3 Rh3+ 38. Kf2 Nxe3 39. Re8+ Kf7 40.
Rf8+ Ke7 41. Rg8 Ng4+ 42. Kg2 Rh5 43. Rg7+ Ke6 44. Rxg6+ Kf5 45. Rc6 a5 46. Bf8
Rxg5 47. Rxc7 Ne5+ 48. Kf1 Ke4 49. Bd6 Kd5 50. Ba3 Nc4 51. Bc1 Re5 52. Kg2 b5
53. Bh6 Nd6 54. Bf4 Rf5 55. Kf3 Nc4 56. Rd7+ Kc5 57. Ke4 Rf6 58. Rd8 a4 59. Re8
Kb4 60. Ra8 Rxf4+ 61. Kxf4 a3 62. Ke4 Na5 0-1

[Event "46th Sparkassen Open"]
[Site "Dortmund GER"]
[Date "2018.07.19"]
[Round "6.2"]
[White "Hausrath, Daniel"]
[Black "Nalbandyan, Vahan"]
[Result "1-0"]
[WhiteTitle "GM"]
[WhiteElo "2495"]
[BlackElo "1848"]
[WhiteFideId "4617495"]
[BlackFideId "13309439"]
[EventDate "2018.07.14"]

1. Nf3 c5 2. b3 Nf6 3. Bb2 e6 4. g3 b6 5. Bg2 Bb7 6. O-O Be7 7. d3 O-O 8. e4 d5
9. e5 Nfd7 10. c4 d4 11. Nbd2 f5 12. exf6 Bxf6 13. Qe2 e5 14. Ne4 Be7 15. h4 Qe8
16. Rfe1 Nc6 17. Nfg5 Nd8 18. f4 Rc8 19. Bh3 Nc6 20. Be6+ Kh8 21. f5 Rc7 22. Bc1
Nd8 23. Bd5 Nf6 24. Bxb7 Rxb7 25. Qg2 Ng4 26. Qf3 Bxg5 27. Bxg5 h5 28. Bxd8 Qxd8
29. Nf2 e4 30. Qxe4 Qb8 31. Nxg4 Qxg3+ 32. Kh1 Rbb8 33. Nh2 Rbe8 34. Qxe8 Rxe8
35. Rxe8+ Kh7 36. Re7 Qxd3 37. f6 1-0

[Event "46th Sparkassen Open"]
[Site "Dortmund GER"]
[Date "2018.07.19"]
[Round "6.3"]
[White "Kartsev, Soel"]
[Black "Jugelt, Tobias"]
[Result "1-0"]
[BlackTitle "IM"]
[WhiteElo "2222"]
[BlackElo "2417"]
[WhiteFideId "4130561"]
[BlackFideId "4626150"]
[EventDate "2018.07.14"]

1. e4 Nf6 2. e5 Nd5 3. d4 d6 4. c4 Nb6 5. f4 dxe5 6. fxe5 Nc6 7. Be3 Bf5 8. Nc3
e6 9. Nf3 Be7 10. d5 Nb4 11. Nd4 Bg6 12. a3 Na6 13. Qf3 O-O 14. Be2 Nc5 15. Rd1
exd5 16. cxd5 Nba4 17. Nxa4 Nxa4 18. Rd2 Nc5 19. Nf5 Nd7 20. Bd4 Bg5 21. Rd1 Qe8
22. Qg3 f6 23. Nxg7 Kxg7 24. e6 Kg8 25. h4 Nb6 26. Bxb6 axb6 27. hxg5 Qe7 28.
Bd3 f5 29. Qe5 Ra4 30. Rc1 c6 31. d6 Qxg5 32. O-O Qf6 33. Qxf6 Rxf6 34. Bc4 Kf8
35. Rcd1 Ra8 36. Rd2 Ke8 37. g4 f4 38. Kf2 b5 39. Bb3 Rd8 40. Re1 h6 41. Re5 b6
42. Bd1 1-0

[Event "46th Sparkassen Open"]
[Site "Dortmund GER"]
[Date "2018.07.19"]
[Round "6.4"]
[White "Liedmann, Dennis"]
[Black "Luft, Dennis"]
[Result "1-0"]
[WhiteElo "2088"]
[BlackElo "2322"]
[WhiteFideId "24671312"]
[BlackFideId "24623717"]
[EventDate "2018.07.14"]

1. d4 d5 2. Nf3 Nf6 3. e3 c5 4. c4 cxd4 5. exd4 Nc6 6. Nc3 e6 7. c5 Ne4 8. Qc2
Qa5 9. a3 Bd7 10. Rb1 Nxc3 11. b4 Qc7 12. Qxc3 f6 13. b5 Nd8 14. Bd3 Nf7 15. O-O
g6 16. g3 Bh6 17. c6 bxc6 18. Bxh6 Nxh6 19. Rfc1 O-O 20. bxc6 Bc8 21. Nh4 Nf7
22. Ng2 Nd6 23. Qc5 Ne8 24. Nf4 Kf7 25. Rb7 1-0

[Event "46th Sparkassen Open"]
[Site "Dortmund GER"]
[Date "2018.07.19"]
[Round "6.5"]
[White "Zatonskih, V."]
[Black "Wagner, Alexej"]
[Result "1/2-1/2"]
[WhiteTitle "FM"]
[WhiteElo "2323"]
[BlackElo "2313"]
[WhiteFideId "14102161"]
[BlackFideId "4129555"]
[EventDate "2018.07.14"]

1. e4 c5 2. Nf3 d6 3. d4 cxd4 4. Nxd4 Nf6 5. f3 e5 6. Bb5+ Nbd7 7. Nf5 d5 8.
exd5 a6 9. Ba4 b5 10. Bb3 Nc5 11. Ne3 Nxb3 12. axb3 Bc5 13. Nc3 Bb7 14. Qd3 O-O
15. Ne4 Bxe3 16. Nxf6+ gxf6 17. Bxe3 Qxd5 18. Qxd5 Bxd5 19. O-O-O Be6 20. Rd6
Rfc8 21. Kd2 Rd8 22. Rxd8+ Rxd8+ 1/2-1/2

[Event "46th Sparkassen Open"]
[Site "Dortmund GER"]
[Date "2018.07.19"]
[Round "6.6"]
[White "Steinle, Carsten"]
[Black "Webb, Laurence E"]
[Result "0-1"]
[BlackTitle "FM"]
[WhiteElo "2159"]
[BlackElo "2306"]
[WhiteFideId "24676462"]
[BlackFideId "402389"]
[EventDate "2018.07.14"]

1. Nf3 c5 2. b3 Nc6 3. Bb2 d6 4. g3 e5 5. d3 g6 6. Bg2 Bg7 7. O-O Nge7 8. c4 O-O
9. Nc3 h6 10. e3 Bg4 11. Qc2 Qd7 12. Rad1 Rad8 13. a3 Kh7 14. Nd5 Nxd5 15. cxd5
Ne7 16. e4 f5 17. Qc3 Rf7 18. Rde1 Nxd5 19. exd5 e4 20. Ng5+ hxg5 21. Qd2 Bxb2
22. Qxb2 Bf3 23. Bxf3 exf3 24. Re6 Re8 25. Rfe1 Rff8 26. Qc1 Rxe6 27. Rxe6 Re8
28. Qe3 Rxe6 29. dxe6 Qe7 30. Qxf3 b6 31. Qa8 Kg7 32. Qc8 Kf6 33. f4 gxf4 34.
gxf4 Qxe6 35. Qf8+ Qf7 36. Qxd6+ Kg7 37. b4 cxb4 38. axb4 Qf6 39. Qd7+ Kh6 40.
d4 a5 41. bxa5 bxa5 42. Kg2 Qb6 43. d5 Qb2+ 44. Kg3 Qc3+ 45. Kg2 Qd2+ 46. Kg3
Qe3+ 47. Kg2 Qe2+ 48. Kg1 Qg4+ 49. Kf1 Qxf4+ 50. Ke1 Qe3+ 51. Kd1 Qg1+ 52. Kc2
Qxh2+ 53. Kb3 Qg3+ 54. Ka4 Qc3 55. Qb5 f4 56. Qxa5 Qd4+ 57. Qb4 Qd1+ 58. Ka3
Qa1+ 59. Kb3 Qb1+ 60. Kc3 Qxb4+ 61. Kxb4 Kg5 62. Kc5 Kg4 63. Kc6 f3 64. d6 f2
65. d7 f1=Q 66. d8=Q Qf6+ 67. Qd6 Kg5 0-1

[Event "46th Sparkassen Open"]
[Site "Dortmund GER"]
[Date "2018.07.19"]
[Round "6.7"]
[White "Quast, Marcel"]
[Black "Melde, Benjamin"]
[Result "1/2-1/2"]
[WhiteElo "2247"]
[BlackElo "2108"]
[WhiteFideId "24663476"]
[BlackFideId "12958816"]
[EventDate "2018.07.14"]

1. e4 c5 2. d4 cxd4 3. c3 Nf6 4. e5 Nd5 5. Nf3 Nc6 6. Bc4 Nb6 7. Bb3 d6 8. exd6
Qxd6 9. O-O Be6 10. Na3 dxc3 11. Bxe6 Qxd1 12. Rxd1 fxe6 13. Nb5 Rc8 14. bxc3 g6
15. Ng5 a6 16. Nd4 Nxd4 17. cxd4 Rc6 18. Re1 Bg7 19. Nxe6 Bf6 20. Rb1 Kd7 21.
Nc5+ Kc8 22. Be3 Rd8 23. Red1 e5 24. dxe5 Rxd1+ 25. Rxd1 Bxe5 26. Nd3 1/2-1/2

[Event "46th Sparkassen Open"]
[Site "Dortmund GER"]
[Date "2018.07.19"]
[Round "6.9"]
[White "Savchenko, Daniel"]
[Black "Heck, Norbert"]
[Result "1-0"]
[BlackTitle "FM"]
[WhiteElo "2165"]
[BlackElo "2227"]
[WhiteFideId "12919195"]
[BlackFideId "4622928"]
[EventDate "2018.07.14"]

1. e4 d6 2. d4 Nf6 3. Nc3 g6 4. h4 Bg7 5. Bc4 c5 6. dxc5 Qa5 7. Ne2 Qxc5 8. Bb3
Ng4 9. O-O Nc6 10. Nd5 O-O 11. c3 e6 12. Ndf4 Na5 13. Bc2 Nc4 14. h5 e5 15. Nd5
Be6 16. b4 Qb5 17. Ba4 Qa6 18. Nc7 Qb6 19. Nxa8 Rxa8 20. Bb3 Rc8 21. a4 a5 22.
b5 Qc5 23. Qc2 d5 24. exd5 Bf5 25. Qd1 Rd8 26. Ng3 Rxd5 27. Qe2 Bd3 28. Qxg4 f5
29. Qh4 f4 30. Bxf4 exf4 31. Qxf4 Be5 32. Qg4 Bxc3 33. Rac1 Bd4 34. Qe6+ Kg7 35.
Ne4 Bxe4 36. Rxc4 Re5 37. Qd7+ Qe7 38. Rxd4 1-0

[Event "46th Sparkassen Open"]
[Site "Dortmund GER"]
[Date "2018.07.19"]
[Round "6.10"]
[White "Biermann, Lenhard"]
[Black "Borchert, Rene"]
[Result "1-0"]
[WhiteElo "2051"]
[BlackElo "2216"]
[WhiteFideId "12970077"]
[BlackFideId "12990671"]
[EventDate "2018.07.14"]

1. d4 Nf6 2. Nf3 e6 3. c4 d5 4. g3 Be7 5. Bg2 O-O 6. O-O dxc4 7. Na3 Bxa3 8.
bxa3 Nc6 9. Bb2 Rb8 10. Qc2 b5 11. e4 Ba6 12. Rfd1 Qe7 13. d5 Nd8 14. Bc3 c5 15.
d6 Qd7 16. e5 Nd5 17. Ng5 g6 18. Ne4 Qc8 19. Rxd5 exd5 20. Nf6+ Kh8 21. d7 Qb7
22. Qd2 Rg8 23. Qh6 Rg7 24. Bxd5 Qb6 25. Ne8 1-0

[Event "46th Sparkassen Open"]
[Site "Dortmund GER"]
[Date "2018.07.19"]
[Round "6.11"]
[White "Biermann, Florian"]
[Black "Topolewski, Dirk"]
[Result "1/2-1/2"]
[WhiteElo "2004"]
[BlackElo "2192"]
[WhiteFideId "12970069"]
[BlackFideId "4651600"]
[EventDate "2018.07.14"]

1. e4 e6 2. d3 d5 3. Nd2 Nf6 4. Ngf3 b6 5. g3 Bb7 6. Bg2 dxe4 7. Ng5 Nc6 8.
Ndxe4 Qd7 9. a4 Nd5 10. O-O h6 11. Nf3 Be7 12. Re1 O-O-O 13. a5 Rhe8 14. axb6
axb6 15. Ned2 Bf6 16. Nc4 e5 17. Bd2 Qf5 18. c3 Qxd3 19. Ne3 e4 20. Nh4 Nxe3 21.
Bxe3 Qxd1 22. Raxd1 Rxd1 23. Rxd1 Bxh4 24. gxh4 Ne5 25. Rd4 h5 26. Bh3+ Kb8 27.
Kg2 g6 28. Kg3 c5 29. Rd1 Bc8 30. Bf4 Bxh3 31. Kxh3 Kc7 32. Re1 f5 33. Rg1 Kd6
34. Rxg6+ Re6 35. Rg5 Rf6 36. Rxh5 Kd5 37. Bxe5 Kxe5 38. Kg3 Rd6 39. Rh8 f4+ 40.
Kg4 Rg6+ 41. Kh3 Re6 42. Kg2 Kd5 43. h5 e3 44. fxe3 fxe3 45. Kf1 e2+ 46. Ke1 Re3
47. h6 Rh3 48. Kxe2 Rxh2+ 49. Kd3 Rh3+ 50. Kc2 Kc6 51. c4 Rh2+ 52. Kb3 b5 53.
cxb5+ Kxb5 54. h7 Rh3+ 55. Kc2 Rh2+ 56. Kd3 Rh3+ 57. Ke4 Kc4 58. b3+ Kc3 59. b4
Rh4+ 60. Kd5 Rh5+ 61. Ke4 Rh4+ 62. Kd5 Rh5+ 63. Kd6 cxb4 64. Rc8+ Kd2 65. h8=Q
Rxh8 66. Rxh8 b3 67. Rh2+ Kc1 68. Kc5 b2 69. Rxb2 Kxb2 1/2-1/2

[Event "46th Sparkassen Open"]
[Site "Dortmund GER"]
[Date "2018.07.19"]
[Round "6.12"]
[White "Heinert, Eugen"]
[Black "Schulz, Daniel"]
[Result "0-1"]
[WhiteElo "2200"]
[BlackElo "2078"]
[WhiteFideId "24621390"]
[BlackFideId "12960349"]
[EventDate "2018.07.14"]

1. c4 Nf6 2. g3 c6 3. Nf3 d5 4. Bg2 g6 5. b3 Bg7 6. Bb2 O-O 7. O-O Nbd7 8. d3
Re8 9. d4 dxc4 10. bxc4 c5 11. d5 Ne4 12. Bxg7 Kxg7 13. Qc2 Nd6 14. Nbd2 f6 15.
e4 e5 16. Ne1 b5 17. Nd3 Ba6 18. Rfc1 bxc4 19. Nb2 Rb8 20. Rab1 Qa5 21. Nbxc4
Bxc4 22. Nxc4 Nxc4 23. Qxc4 Qc7 24. Bh3 Rxb1 25. Rxb1 Nb6 26. Qb5 Rb8 27. Qc6
Rb7 28. a4 Qxc6 29. dxc6 Rc7 30. a5 Rxc6 31. axb6 axb6 32. Kf1 Kf7 33. Ke2 Rd6
34. Rd1 Ke7 35. Bc8 b5 36. h4 Rxd1 37. Kxd1 Kd6 38. Ba6 Kc6 39. f4 h6 40. Bc8 c4
41. Kd2 Kc5 42. fxe5 fxe5 43. Be6 Kd4 44. Bd5 b4 45. g4 g5 46. hxg5 hxg5 47. Kc2
c3 48. Bb7 Ke3 49. Bc6 Ke2 50. Bb5+ Kf3 51. Bd7 Kxe4 52. Bf5+ Ke3 53. Be6 e4 54.
Bd5 Kf4 55. Be6 Kg3 56. Bd5 e3 0-1

[Event "46th Sparkassen Open"]
[Site "Dortmund GER"]
[Date "2018.07.19"]
[Round "6.13"]
[White "Puetter, Pascal"]
[Black "Baerwolf, Steven"]
[Result "1/2-1/2"]
[WhiteElo "2002"]
[BlackElo "2172"]
[WhiteFideId "1271567"]
[BlackFideId "24658634"]
[EventDate "2018.07.14"]

1. d4 Nf6 2. c4 g6 3. g3 Bg7 4. Bg2 O-O 5. Nf3 d6 6. O-O Nbd7 7. Nc3 e5 8. e3
Re8 9. b3 Nf8 10. Bb2 e4 11. Nd2 Bf5 12. Qc2 Qe7 13. Rfc1 h5 14. Nd5 Nxd5 15.
cxd5 Rac8 16. Qc4 h4 17. Rc2 Qg5 18. Qb5 b6 19. Rac1 Re7 20. Qa6 hxg3 21. hxg3
Qg4 22. Qxa7 Nh7 23. Rxc7 Rexc7 24. Rxc7 Rxc7 25. Qxc7 Ng5 26. Bf1 Kh7 27. Qc1
Qh5 28. a4 Bg4 29. Bg2 Bf3 30. Qf1 Be2 31. Qe1 f5 32. Bf1 Bf3 33. Bg2 Be2 34.
Bf1 1/2-1/2

[Event "46th Sparkassen Open"]
[Site "Dortmund GER"]
[Date "2018.07.19"]
[Round "6.14"]
[White "Mroczek, Mathias"]
[Black "Kracht, Raphael"]
[Result "1/2-1/2"]
[WhiteElo "2140"]
[BlackElo "1900"]
[WhiteFideId "4643836"]
[BlackFideId "16214382"]
[EventDate "2018.07.14"]

1. Nf3 c5 2. g3 d5 3. Bg2 Nc6 4. d4 cxd4 5. Nxd4 e5 6. Nxc6 bxc6 7. c4 Be6 8.
Nc3 Bb4 9. O-O Bxc3 10. bxc3 Ne7 11. cxd5 cxd5 12. f4 exf4 13. Qa4+ Qd7 14.
Qxd7+ Kxd7 15. Bxf4 Rhc8 16. e4 Rxc3 17. exd5 Nxd5 18. Rad1 Rc5 19. Rfe1 Rd8 20.
Rd4 Ke8 21. Be5 g6 22. Red1 Rd7 23. Rb1 f6 24. Bf4 Nxf4 25. Rxf4 Bxa2 26. Rb2
Bd5 27. Rxf6 Ke7 28. Ra6 Bxg2 29. Kxg2 Rcd5 30. Kf3 R5d6 31. Ra5 Rb6 32. Rba2 h5 1/2-1/2

[Event "46th Sparkassen Open"]
[Site "Dortmund GER"]
[Date "2018.07.19"]
[Round "6.15"]
[White "Rendboe, John Filip"]
[Black "Wolff, Christoph"]
[Result "1-0"]
[WhiteTitle "FM"]
[WhiteElo "2109"]
[BlackElo "2026"]
[WhiteFideId "1403664"]
[BlackFideId "4648706"]
[EventDate "2018.07.14"]

1. c4 e5 2. Nc3 Nc6 3. g3 Bc5 4. Bg2 d6 5. e3 a6 6. Nge2 Bb6 7. O-O h5 8. d4 h4
9. b4 hxg3 10. fxg3 Qg5 11. c5 Qh5 12. h4 Bg4 13. a3 g5 14. hxg5 e4 15. Kf2 Qxg5
16. Nxe4 Qe7 17. Qc2 d5 18. N4c3 O-O-O 19. Nxd5 Rxd5 20. Bxd5 Rh2+ 21. Bg2 Nf6
22. Kg1 Rh8 23. Nf4 Nh5 24. Nxh5 Rxh5 25. Qc4 Qg5 26. Qxf7 Qh6 27. Qg8+ 1-0

[Event "46th Sparkassen Open"]
[Site "Dortmund GER"]
[Date "2018.07.19"]
[Round "6.16"]
[White "Boesel, Alexander"]
[Black "Oparaugo, Thomas"]
[Result "1-0"]
[BlackTitle "IM"]
[WhiteElo "1994"]
[BlackElo "2064"]
[WhiteFideId "4623185"]
[BlackFideId "8500207"]
[EventDate "2018.07.14"]

1. e4 e5 2. Nf3 Nc6 3. Bc4 Bc5 4. O-O d6 5. c3 Nf6 6. d3 O-O 7. h3 Bd7 8. Re1
Bb6 9. Bb3 Be6 10. Nbd2 Qd7 11. Nf1 Bxb3 12. Qxb3 Nh5 13. Ne3 Nf4 14. Qc2 Ne7
15. d4 f6 16. Nc4 Nxh3+ 17. gxh3 Qxh3 18. Re3 Qg4+ 19. Kh1 exd4 20. cxd4 f5 21.
Nh2 Qh4 22. Nxb6 axb6 23. f3 f4 24. Re2 Rf6 25. Qxc7 Rh6 26. Qxb6 Qh3 27. Qb3+
Kh8 28. Bd2 Ng6 29. Rg1 Nh4 30. Rf2 d5 31. Bxf4 Rf6 32. Rg3 Qd7 33. Be5 Rf7 34.
Qxd5 Qa4 35. Qb3 Qa5 36. d5 Ng6 37. Rxg6 hxg6 38. f4 Qd8 39. Qc3 1-0

[Event "46th Sparkassen Open"]
[Site "Dortmund GER"]
[Date "2018.07.19"]
[Round "6.17"]
[White "Windfuhr, Thomas"]
[Black "Mueller, Frank3"]
[Result "0-1"]
[WhiteElo "2231"]
[BlackElo "2067"]
[WhiteFideId "4658477"]
[BlackFideId "24681318"]
[EventDate "2018.07.14"]

1. d4 Nf6 2. c4 g6 3. Nc3 d5 4. cxd5 Nxd5 5. e4 Nxc3 6. bxc3 Bg7 7. Be3 c5 8.
Bb5+ Bd7 9. Bxd7+ Qxd7 10. Ne2 cxd4 11. Bxd4 O-O 12. O-O e5 13. Be3 Qc7 14. Qa4
Qc6 15. Qxc6 Nxc6 16. Rab1 b6 17. Rfd1 Rfd8 18. f3 Kf8 19. c4 Nd4 20. Bxd4 exd4
21. Rd3 Rac8 22. Rc1 Rc5 23. f4 Rdc8 24. e5 Rxc4 25. Rxc4 Rxc4 26. Nxd4 Ke7 27.
g3 f6 28. exf6+ Bxf6 29. Nb3 a5 30. Nd2 Ra4 31. a3 Bb2 32. Nb1 Rc4 33. Kg2 Rc1
34. Nd2 Rc2 35. Kf3 Bxa3 36. Re3+ Kd7 37. Ne4 Bb2 0-1